01034cam a22002774a 4500020003600000020003500036040000800071082001700079245011600096260006000212300004200272500007000314650001600384650001600400650002000416650002000436650002200456650002200478650002200500650002200522700002100544700001800565710005000583856005800633856006500691 a0801867460 (cloth : alk. paper) a0801867479 (pbk. : alk. paper) cDLC00a333 JOH 200100aLand tenure and natural resource management :ba comparative study of agrarian communities in Asia and Africa / aBaltimore, MD :bJohns Hopkins University Press,c2001. axxiii, 389 p. :bill., maps ;c24 cm. a"Published for the International Food Policy Research Institute." 0aLand tenure 0aLand tenure 0aLand use, Rural 0aLand use, Rural 0aForest management 0aForest management 0aNatural resources 0aNatural resources1 aOtsuka, Keijiro.1 aPlace, Frank,2 aInternational Food Policy Research Institute.42uhttp://www.loc.gov/catdir/bios/jhu051/2001029330.html42uhttp://www.loc.gov/catdir/description/jhu051/2001029330.html